00517 a2200169 4500001000900000005001700009008004100026245005900067100002200126700002300148700002500171700002300196700002400219700002400243700002500267773005500292ART_668520260410161826.0260409a 10aAspirantes a una institución de educación superior1 aMallo, Paulino E.1 aArtola, María A.1 aZanfrillo, Alicia I.1 aMorettini, Mariano1 aGalante, Marcelo J.1 aPascual, Mariano E.1 aBusetto, Adrián R.0 tFACESg- Año 12, Nº 26 (may./ago.2006)wREV5046